Quizzes
Events
Quiz Creation
Community
Videos
Private Events
Remove Ads
Sign In
Join for FREE
Feedback
Dark Mode
Quiz Categories
Sports
Geography
Music
Movies
Television
Just For Fun
Miscellaneous
History
Literature
Language
Science
Gaming
Entertainment
Religion
Holiday
For Kids
Quiz Lab
Recent
Popular Today
Quiz Kudos Today
Editor Picks
Curator Picks
Quizzes by...
Day
Popularity
Type
Ratings
Length
Year
Community
Subscriptions
Recent Discussions
Orange Saloon
Badges
Playlists
Quests
Create
Leaderboards
Showdown
Live 5
Trivia Bingo
Activity
Puzzle Library
Sporcle Events
Private Events
Virtual Trivia
Globe League
Become a Host
Pub Owners
SporcleCon
Opinionation
Our Games
Videos
Blog
Mobile Apps
Partnerships
Remove Ads and Go Orange
Feedback
Music
Pop Music
The Beatles
Song
Album
Lyrics
Bands
Singers
Artist
Clip
Rock
Rap
Classical
Billboard
Country Music
Kpop
Taylor Swift
Music
Pop Music
The Beatles
Song
Album
Lyrics
Bands
Singers
Artist
Clip
Rock
Rap
Classical
Billboard
Country Music
Kpop
Taylor Swift
Random Quiz
Search Sporcle
×
Quiz Lab
Quiz Lab
Music
Album
Type in answers that appear in a list
Type in answers that appear in a list
Classic
Best Score? Go Orange.
Wombats Songs Stats
Can you name the songs from the studio albums by the Wombats?
By
Mattman7496
10m
45 Questions
840 Plays
840 Plays
840 Plays
Comments
Comments
Give Quiz Kudos
Give Quiz Kudos
-
- Ratings
hide this ad
Replay
Link that replays current quiz
Next Quiz
Link to next quiz in quiz playlist
You Got
0%
They Got
Avg Score
56%
Avg Friend Score
Upgrade to see
Score Distribution
Jump to the score distribution portion of the page
Score
0/45
Timer
10:00
0
Plays Today
Hint
Answer
% Correct
Beautiful People Will Ruin Your Life
Turn
85.2%
The Wombats Proudly Present... A Guide to Love, Loss, & Desperation
Moving to New York
84.6%
The Wombats Proudly Present... A Guide to Love, Loss, & Desperation
Let's Dance to Joy Division
84.5%
Beautiful People Will Ruin Your Life
Lemon to a Knife Fight
83.9%
Glitterbug
Greek Tragedy
83.8%
The Wombats Proudly Present... A Guide to Love, Loss, & Desperation
Kill the Director
82.9%
Beautiful People Will Ruin Your Life
Cheetah Tongue
80.7%
The Wombats Proudly Present... This Modern Glitch
Tokyo (Vampires and Wolves)
78.5%
The Wombats Proudly Present... This Modern Glitch
Techno Fan
74.2%
Glitterbug
Pink Lemonade
72.1%
Beautiful People Will Ruin Your Life
Black Flamingo
71.2%
The Wombats Proudly Present... This Modern Glitch
1996
71%
Glitterbug
Emoticons
68.6%
Beautiful People Will Ruin Your Life
Ice Cream
66.7%
Glitterbug
Give Me a Try
66.1%
The Wombats Proudly Present... This Modern Glitch
Jump into the Fog
61.1%
Beautiful People Will Ruin Your Life
Lethal Combination
61%
The Wombats Proudly Present... A Guide to Love, Loss, & Desperation
Patricia the Stripper
61%
The Wombats Proudly Present... This Modern Glitch
Anti-D
59.6%
Beautiful People Will Ruin Your Life
White Eyes
57.6%
Beautiful People Will Ruin Your Life
I Only Wear Black
57.5%
Glitterbug
Your Body is a Weapon
56.7%
Glitterbug
Isabel
56.1%
Hint
Answer
% Correct
Beautiful People Will Ruin Your Life
I Don't Know Why I Like You but I Do
55.5%
Glitterbug
The English Summer
54.3%
The Wombats Proudly Present... A Guide to Love, Loss, & Desperation
Party in a Forest (Where's Laura?)
53.2%
The Wombats Proudly Present... A Guide to Love, Loss, & Desperation
School Uniforms
52.7%
Glitterbug
Curveballs
52.5%
The Wombats Proudly Present... A Guide to Love, Loss, & Desperation
Lost in the Post
51.7%
The Wombats Proudly Present... A Guide to Love, Loss, & Desperation
Here Comes the Anxiety
50.8%
The Wombats Proudly Present... A Guide to Love, Loss, & Desperation
My First Wedding
50.7%
Beautiful People Will Ruin Your Life
Dip You in Honey
50.6%
The Wombats Proudly Present... A Guide to Love, Loss, & Desperation
Tales of Girls, Boys & Marsupials
50.2%
The Wombats Proudly Present... A Guide to Love, Loss, & Desperation
Backfire at the Disco
50.2%
The Wombats Proudly Present... This Modern Glitch
Walking Disasters
49.5%
The Wombats Proudly Present... This Modern Glitch
Schumacher the Champagne
48.3%
The Wombats Proudly Present... A Guide to Love, Loss, & Desperation
Little Miss Pipedream
48.2%
Glitterbug
Be Your Shadow
47.6%
The Wombats Proudly Present... This Modern Glitch
Our Perfect Disease
47.4%
The Wombats Proudly Present... This Modern Glitch
Girls|Fast Cars
45%
Glitterbug
This is Not a Party
44.5%
Glitterbug
Headspace
43.7%
Beautiful People Will Ruin Your Life
Out of My Head
40.9%
The Wombats Proudly Present... A Guide to Love, Loss, & Desperation
Dr. Suzanne Mattox PhD
40.2%
The Wombats Proudly Present... This Modern Glitch
Last Night I Dreamt...
33.8%
Quiz Playlist
Details
Report
Send in Message
Add To Playlist
Classic:
Type in answers that appear in a list
Last Updated: Feb 18, 2018
Quiz Scoreboard
CHALLENGE
Sign Up to Join the Scoreboard
Show All
Scores
Hide
Comments
May contain spoilers
Recently Published
9x9 Crossword: Cartoon Network
by jackfrog10
Miscellaneous
3m
College Basketball Coaching Resumes
by pancakes188
Sports
9m
Billboard Blitz: Fleetwood Mac
by CooCooCachoo
Music
15s
More to Explore
Quiz From the Vault
Featured Blog Post
Where Did the Easter Bunny Come From?
hide this ad
You Might Also Like...
Tags
Album Quiz
Song Quiz
studio
Today's Top Quizzes in Music
Browse Music
hide this ad
Today's Top Quizzes in Album
Browse Album
Top Contributed Quizzes in Music
1
Taylor Swift All Songs (2024)
2
Guess the Artist- 70s Songs
3
7-to-1: Billboard Hot 100 #1 Hits of 2010s
4
Sorting Albums and Songs
5
Taylor Swift Logic Puzzle
6
KPOP LOGIC QUIZ
7
Guess the Taylor Swift song (Mystery Song)
8
Guess The Taylor Swift Lyrics Song #1
9
Billboard Blitz: ABBA
10
One Thing in Common: Music
Explore More
Trending Topics
Anime
Crossword
Marvel
Disney
NBA
Harry Potter
Kpop
NFL
WWE
Soccer
The Office
Country
Puzzle
Song
Pokémon
hide this ad
More By:
Mattman7496
Quiz
Plays
Rating
Category
Featured
Created
Wombats Songs
840
4.83
Music
Aug 25, 2016
Paramore Songs
183
5.00
Music
Aug 25, 2016
Last Lines of Films in the MCU
52
5.00
Movies
Feb 2, 2024
Go to Creator's Profile
Score Distribution
Quiz Creator Spotlight
Mattman7496
Follow
Send a Message
Quizzes Created
-
Created Quiz Play Count
-
More By This Creator
Popular Quizzes Today
1
Find the US States - No Outlines Minefield
2
Find the Countries of Europe - No Outlines Minefield
3
The Countries of the World
4
Find the US States
5
Risky Map Clicking: Biggest States A-Z
6
US States
7
Popular People in 1961
8
Movies - When Are They Set?
More Music Quizzes
AC/DC Albums
Published
Trending Quizzes
Risky Map Clicking: Least Populous States A-Z
1-10 Letter G Words
1-10 Letter F Words
Risky Map Clicking: Next State Alphabetically
Adjectives in 80s TV Shows
Recently Updated
Leaping Animals
pecheneg
Reality TV Shows (A-Z)
bhenderson79
Rickey Henderson's Hall of Fame Teammates
pecheneg
Champions League XIs: Arsenal
pecheneg
Quick Pick: Celebrities in WWE's Hall of Fame
aduchscher
A-Z Keypad Blitz II
pecheneg
Multiple Oscar Actors
pecheneg
Mystery Phrase Blitz: Oscar 'Best Actors'
pecheneg
F. Scott Fitzgerald Novels
LTH
Pick 3 Villains
ddd62291
Trending Topics
NBA
Disney
Anime
Harry Potter
Marvel
Kpop
Crossword
Soccer
Puzzle
Song
The Office
Pokémon
NFL
Country
WWE
Your Account Isn't Verified!
In order to create a playlist on Sporcle, you need to verify the email address you used during registration. Go to your
Sporcle Settings
to finish the process.
Report this User
Report this user for behavior that violates our
Community Guidelines
.
Details:
Send Report
Go to the Sporcle.com Mobile Site →
Comments